Gaming Quiz

Random Gaming or Video Games Quiz

Pokémon: Eeveelutions Quiz Stats

 Plays Quiz Updated Oct 6, 2019

Score 0/9 Timer 00:45
40 Plays Today
% Correct
Flareon
92.4%
Eevee
92%
Jolteon
91.9%
Leafeon
91.6%
Vaporeon
90.3%
Glaceon
88.4%
Umbreon
86%
Espeon
83.5%
Sylveon
81%

You're not logged in!

Compare scores with friends on all Sporcle quizzes.
OR
Log In

Sporcle TV

Today on Sporcle TV


Watch our educational content, quiz creation guides, and fun videos on Sporcle TV.

Show Comments

Extras

Top Quizzes Today


Score Distribution

Your Account Isn't Verified!

In order to create a playlist on Sporcle, you need to verify the email address you used during registration. Go to your Sporcle Settings to finish the process.

Report this User

Report this user for behavior that violates our Community Guidelines.

Details: